1869 1011 1875 1240 1228 1398 1579 1302 1579 1980 1834 1761 1513 1705 1661 1273 1369 1079 1079 1144 1118 1149 1819 1100 1561 1117 1109 1969 1430 1930 1024 1620 1488 1637 1018 1876 1323 1834 1476 1539 1014 1431 1535 1748 1071 1055 1880 1489 1374 1937 1907 1529 1838 1372 1298 1351 1568 1437 1181 1067 1862 1349 1797 1110 1964 1563 1860 1100 1455 1011 1383 1065 1145 1053 1688 1580 1243 1291 1768 1210 1448 1603 1866 1005 1175 1073 1380 1510 1643 1852 1685 1880 1361 1968 1571 1861 1951 1327 1166 BCNSPRNW ULIB Ver.6.0+V

เปลี่ยนเป็นภาษาไทย

Change to English
 แสดงรายละเอียดบรรณานุกรม
  กลับหน้าหลัก

Brief Record : Get Marc (ISO 2709) : E-mail record : QR code < ปิดหน้าต่าง
LEADER : 00000nam 2200000uu 4500
001    13399122000
003     ULIB
008    121218s2550||||th 000 0 tha d
020    ^a9789746722285
060 04 ^aWG100^bอ252E 2550
245 00 ^aEssential cardiology review 2007 /^c[บรรณาธิการ], อภิชาติสุคนธสรรพ์
250    ^aพิมพ์ครั้งที่ 1
260    ^aเชียงใหม่ :^b[ภาควิชาอายุรศาสตร์ คณะแพทยศาสตร์มหาวิทยาลัยเชียงใหม่],^c2550
300    ^a[6], 321, [4] หน้า :^bภาพประกอบ ;^c25 ซม.
504    ^aมีบรรณานุกรมและดัชนี
650  7 ^aหัวใจร่วมหลอดเลือด, ระบบ
650  7 ^aหัวใจร่วมหลอดเลือด, โรค
700 0  ^aอภิชาติ สุคนธสรรพ์,^eบรรณาธิการ
710 2  ^aมหาวิทยาลัยเชียงใหม่. ^bคณะแพทยศาสตร์.^bภาควิชาอายุรศาสตร์
945    ^p0^l0^i15696
945    ^p0^l0^i15697
995    ^aกัณชพร
999 ^a ใช้งานได้ทุกระบบ
รายการนี้ยังไม่มีแท็ก
คุณยังไม่ได้ล็อกอิน คุณสามารถมีกิจกรรมร่วมกับเว็บไซต์ได้ แต่ต้องล็อกอินก่อน ::
  ล็อกอิน

รายการสื่อสารสนเทศ

ลำดับที่ ประเภท เลขเรียก/บาร์โค้ด สถานที่ สถานะ
1. วิทยาศาสตร์การแพทย์ และสุขภาพ
วิทยาศาสตร์การแพทย์ และสุขภาพ
WG100 อ252E 2550  
  Barcode: 15696
ห้องสมุดวิทยาเขตสวรรค์ประชารักษ์
►ส่วนจัดเก็บหนังสือเก่า สปร
บนชั้น
  ขอยืม
2. วิทยาศาสตร์การแพทย์ และสุขภาพ
วิทยาศาสตร์การแพทย์ และสุขภาพ
WG100 อ252E 2550 ฉ.2 
  Barcode: 15697
ห้องสมุดวิทยาเขตสวรรค์ประชารักษ์
►ส่วนจัดเก็บหนังสือเก่า สปร
บนชั้น
  ขอยืม

รายการใกล้เคียง
    หัวเรื่อง [หัวใจร่วมหลอดเลือด, ระบบ]
    หัวเรื่อง [หัวใจร่วมหลอดเลือด, โรค]

BibComment


ยังไม่เคยถูกคอมเมนท์

คอมเมนท์ทรัพยากรรายการนี้
  คอมเมนท์: Essential cardio..


 Copyright 2026. Bcnsprnw @Library